00450nam a22001457a 4500082001500000245003300015250000800048260003000056300002200086526003700108650001300145942001200158999001900170952011500189 a940.4bCHU aThe world crisis a criticism a2nd aLondonbHutchinson and Co aP-191bill,c36cm a0b0c0d940_400000000000000_CHU aMCE9379 2ddccBK c553282d553282 00102ddc4070aMCEbMCEcArchive Sectiond2015-02-03l0o940.4 CHUpMCE-ECW / 35r2015-02-03w2015-02-03yBK